000 00369nam a2200133Ia 4500
008 220216s9999 xx 000 0 und d
100 _aBraley Silas A
245 0 _aElastomers for implantation in the human body (1971 reviews)
260 _bRubber Chemistry and Technology
_c1971
300 _a363-380
650 _a1971 reviews
650 _aelastomers
942 _cJS
999 _c58487
_d58487